What dying people want: practical wisdom for the end of life / (Record no. 395)

000 -LEADER
fixed length control field 01053cam a2200337 a 4500
003 - CONTROL NUMBER IDENTIFIER
control field CaAEU
005 - DATE AND TIME OF LATEST TRANSACTION
control field 20240528093728.0
008 - FIXED-LENGTH DATA ELEMENTS--GENERAL INFORMATION
fixed length control field 021205r20032002onc b 001 0 eng
020 ## - INTERNATIONAL STANDARD BOOK NUMBER
International Standard Book Number 0385658842 (pbk.)
040 ## - CATALOGING SOURCE
Transcribing agency CaOONL
050 ## - LIBRARY OF CONGRESS CALL NUMBER
Classification number BF789
Item number .D4 K84 2003
055 02 - CLASSIFICATION NUMBERS ASSIGNED IN CANADA
Classification number BF789*
055 00 - CLASSIFICATION NUMBERS ASSIGNED IN CANADA
Classification number BF789 D4
Item number K84 2003
055 #3 - CLASSIFICATION NUMBERS ASSIGNED IN CANADA
Classification number BF789 D4
Item number K84 2003
090 ## - LOCALLY ASSIGNED LC-TYPE CALL NUMBER (OCLC); LOCAL CALL NUMBER (RLIN)
Classification number (OCLC) (R) ; Classification number, CALL (RLIN) (NR) B-3813 2003
Local cutter number (OCLC) ; Book number/undivided call number, CALL (RLIN) ACLTC
090 ## - LOCALLY ASSIGNED LC-TYPE CALL NUMBER (OCLC); LOCAL CALL NUMBER (RLIN)
Classification number (OCLC) (R) ; Classification number, CALL (RLIN) (NR) BF 789 D4 K84 2003
Local cutter number (OCLC) ; Book number/undivided call number, CALL (RLIN) AECCI
090 ## - LOCALLY ASSIGNED LC-TYPE CALL NUMBER (OCLC); LOCAL CALL NUMBER (RLIN)
Classification number (OCLC) (R) ; Classification number, CALL (RLIN) (NR) BF 789 D4 K84 2003
Local cutter number (OCLC) ; Book number/undivided call number, CALL (RLIN) AGPC
100 1# - MAIN ENTRY--PERSONAL NAME
Personal name Kuhl, David.
245 10 - TITLE STATEMENT
Title What dying people want: practical wisdom for the end of life /
Statement of responsibility, etc. David Kuhl.
250 ## - EDITION STATEMENT
Edition statement Anchor Canada ed.
260 ## - PUBLICATION, DISTRIBUTION, ETC.
Place of publication, distribution, etc. [Toronto] :
Name of publisher, distributor, etc. Anchor Canada,
Date of publication, distribution, etc. 2003.
300 ## - PHYSICAL DESCRIPTION
Extent xxix, 317 p. ;
Dimensions 22 cm.
336 ## - CONTENT TYPE
Content type term text
Content type code txt
Source rdacontent
337 ## - MEDIA TYPE
Media type term unmediated
Media type code n
Source rdamedia
338 ## - CARRIER TYPE
Carrier type term volume
Carrier type code nc
Source rdacarrier
504 ## - BIBLIOGRAPHY, ETC. NOTE
Bibliography, etc. note Includes bibliographical references and index.
650 #0 - SUBJECT ADDED ENTRY--TOPICAL TERM
Topical term or geographic name entry element Death
General subdivision Psychological aspects.
650 #0 - SUBJECT ADDED ENTRY--TOPICAL TERM
Topical term or geographic name entry element Terminally ill
General subdivision Psychology.
650 #0 - SUBJECT ADDED ENTRY--TOPICAL TERM
Topical term or geographic name entry element Terminally ill
General subdivision Family relationships.
942 ## - ADDED ENTRY ELEMENTS (KOHA)
Source of classification or shelving scheme
Koha item type Book
Suppress in OPAC SO
Holdings
Withdrawn status Lost status Source of classification or shelving scheme Damaged status Not for loan Permanent Location Current Location Shelving location Date acquired Total Checkouts Full call number Barcode Date last seen Date last checked out Price effective from Koha item type Public note
          AU LIBRARY AU LIBRARY Open Shelf 14.06.2021 1 BF789 .D4 K84 2003 28002843 24.03.2023 23.02.2023 14.06.2021 Book SO

Powered by Koha